| 000 | 005840000a22001690004500 | ||
|---|---|---|---|
| 090 |
_aAR _b03641 |
||
| 245 | 1 | 0 | _aTechniques for the dissection and mounting of the male (Aedeagus) and female (Spermatheca) genitilia of the Chrysomelidae (Coleoptera) |
| 650 | 1 | 4 |
_aEntomología _94483 |
| 650 | 1 | 4 |
_aColeópteros _97857 |
| 650 | 1 | 4 |
_aColecciones biológicas _94146 |
| 650 | 1 | 4 |
_aTécnicas de disección _997371 |
| 650 | 1 | 4 |
_aMorfología animal _99953 |
| 041 | 0 | _aFrancés | |
| 100 | 1 |
_aSmith, Eric H. _997372 |
|
| 942 | _cARTICULO | ||
| 773 | 1 |
_tColeopterists Bulletin _h1 _q93-103 _d1979 _g33 |
|
| 999 |
_c12689 _d12689 |
||